[Event "Dhaka Powertec op-B"]
[Site "Dhaka"]
[Date "2017.07.19"]
[Round "5"]
[White "Aritra, Ganguly"]
[Black "Ali, Hasan Roket"]
[Result "1-0"]
[WhiteElo "1344"]
[BlackElo "1877"]
[PlyCount "99"]
[EventDate "2017.07.15"]
[EventType "swiss"]
[EventRounds "9"]
[EventCountry "BAN"]
[SourceTitle "EXT 2018"]
[Source "ChessBase"]
[SourceDate "2017.10.13"]
[SourceVersion "1"]
[SourceVersionDate "2017.10.13"]
[SourceQuality "1"]

1. e4 c6 2. d4 d5 3. e5 Bf5 4. Bd3 Bxd3 5. Qxd3 e6 6. c3 Qb6 7. Qc2 Nd7 8. Nf3 c5 9. Be3 Rc8 10. Qe2 cxd4 11. Bxd4 Bc5 12. 0-0 Ne7 13. Na3 Bxd4 14. Nxd4 a6 15. Rab1 Nc6 16. Nxc6 bxc6 17. c4 0-0 18. Kh1 a5 19. b3 f5 20. Rfe1 f4 21. Qc2 f3 22. g3 Qd4 23. Rbd1 Qg4 24. Qd3 Rf5 25. cxd5 cxd5 26. Nc4 dxc4 27. Qxd7 Rff8 28. Rg1 c3 29. Rd4 Qg6 30. Rf4 c2 31. Rxf8+ Rxf8 32. Qc6 h6 33. h3 Qe8 34. Qxc2 Qh5 35. Kh2 Qxe5 36. Qd2 Rc8 37. Re1 Qf5 38. Rc1 Re8 39. Qd7 Rf8 40. Rc8 Rxc8 41. Qxc8+ Kh7 42. Qd7 Qc2 43. Qd4 e5 44. Qe3 e4 45. a4 Qe2 46. Qc5 Qa6 47. Qf5+ Qg6 48. Qxa5 e3 49. Qe1 Qc2 50. Qxe3 1-0